Philosophy of education : (Record no. 49441)
[ view plain ]
| 000 -LEADER | |
|---|---|
| fixed length control field | 00856pam a2200277 a 4500 |
| 001 - CONTROL NUMBER | |
| control field | 2406056 |
| 005 - DATE AND TIME OF LATEST TRANSACTION | |
| control field | 20210107163806.0 |
| 008 - FIXED-LENGTH DATA ELEMENTS--GENERAL INFORMATION | |
| fixed length control field | 860820s1986 ilu b 000 0 eng |
| 010 ## - LIBRARY OF CONGRESS CONTROL NUMBER | |
| LC control number | 86021011 |
| 020 ## - INTERNATIONAL STANDARD BOOK NUMBER | |
| International Standard Book Number | 0877843457 (pbk.) |
| 040 ## - CATALOGING SOURCE | |
| Original cataloging agency | DLC |
| Transcribing agency | DLC |
| Modifying agency | DLC |
| 050 00 - LIBRARY OF CONGRESS CALL NUMBER | |
| Classification number | BT738.17 |
| Item number | .P48 1986 |
| 100 1# - MAIN ENTRY--PERSONAL NAME | |
| Personal name | Peterson, Michael L., |
| Dates associated with a name | 1950- |
| 245 10 - TITLE STATEMENT | |
| Title | Philosophy of education : |
| Remainder of title | issues and options / |
| Statement of responsibility, etc | Michael L. Peterson. |
| 260 ## - PUBLICATION, DISTRIBUTION, ETC. (IMPRINT) | |
| Place of publication, distribution, etc | Downers Grove, Ill., U.S.A. : |
| Name of publisher, distributor, etc | InterVarsity Press, |
| Date of publication, distribution, etc | c1986. |
| 300 ## - PHYSICAL DESCRIPTION | |
| Extent | 154 p. ; |
| Dimensions | 22 cm. |
| 336 ## - CONTENT TYPE | |
| Content Type Term | text |
| 337 ## - MEDIA TYPE | |
| Media Type Term | unmediated |
| 338 ## - CARRIER TYPE | |
| Carrier Type Term | volume |
| 440 #0 - SERIES STATEMENT/ADDED ENTRY--TITLE | |
| Title | Contours of Christian philosophy |
| 504 ## - BIBLIOGRAPHY, ETC. NOTE | |
| Bibliography, etc | Bibliography: p. [151]-154. |
| 650 #0 - SUBJECT ADDED ENTRY--TOPICAL TERM | |
| Topical term or geographic name as entry element | Education (Christian theology) |
| 650 #0 - SUBJECT ADDED ENTRY--TOPICAL TERM | |
| Topical term or geographic name as entry element | Education |
| General subdivision | Philosophy. |
| 906 ## - LOCAL DATA ELEMENT F, LDF (RLIN) | |
| a | 7 |
| b | cbc |
| c | orignew |
| d | 1 |
| e | ocip |
| f | 19 |
| g | y-gencatlg |
| 942 ## - ADDED ENTRY ELEMENTS (KOHA) | |
| Source of classification or shelving scheme | Library of Congress Classification |
| Item type | Books |
| Withdrawn status | Lost status | Source of classification or shelving scheme | Damaged status | Not for loan | Home library | Current library | Shelving location | Date acquired | Inventory number | Total Checkouts | Full call number | Barcode | Date last seen | Price effective from | Koha item type |
|---|---|---|---|---|---|---|---|---|---|---|---|---|---|---|---|
| Library of Congress Classification | BSOP Library | BSOP Library | GC | 01/07/2021 | 13558 | BT738.17 P48 1986 | 00020260 | 01/07/2021 | 01/07/2021 | Books |
